| 000 | 00554nam a22002297a 4500 | ||
|---|---|---|---|
| 003 | UA-OsUOA | ||
| 001 | 39077 | ||
| 007 | ta | ||
| 008 | 20060608b un ||||| |||| 00| 0 ukr d | ||
| 100 | _aЛиттл Є. Пол | ||
| 090 |
_a234.2 _bЛ64 |
||
| 942 | _cBK | ||
| 040 |
_aUA-OsUOA _brus _cUA-OsUOA _dUA-OsUOA |
||
| 245 | _aЗнать, почему веришь | ||
| 300 | _a102 с. | ||
| 955 | _a2 | ||
| 041 | _arus | ||
| 080 | _a234.2 | ||
| 260 |
_aАвстрия _c1991 |
||
| 650 | 7 |
_a2 Релігія. Теологія. _2UDC |
|
| 999 |
_c325220 _d325220 |
||